000 00488nam a2200193 a 4500
001 1775557787932
003 YourLibrary
005 20260407160211.0
008 260407s2002##################000#0#eng##
020 _a9780714652917
082 0 4 _a348.4009
_bCOX
100 1 _aCox, Sebastian,
_eauthor.
245 1 0 _aAir Power History :
260 _bPsychology Press,
_c2002.
300 _a390 pages
650 0 _aHistory.
942 _cENGLISH
040 _aYourLibrary
_beng
_cYourLibrary
999 _c619021
_d619021